| 000 | 00482nam a2200157Ia 4500 | ||
|---|---|---|---|
| 999 |
_c25224 _d25224 |
||
| 003 | OSt | ||
| 005 | 20210101145207.0 | ||
| 008 | 190216s9999||||xx |||||||||||||| ||und|| | ||
| 040 | _coclc | ||
| 082 |
_a894.812 _bMAT/G |
||
| 100 |
_aMathew, Celine _97767 |
||
| 245 | 0 |
_aGerman Sahithya Darsanam / _cCeline Mathew ; Bernard Fenn |
|
| 260 |
_bSouthern Language Book Trust, _aMadrass: _c1971. |
||
| 300 | _a530p | ||
| 942 |
_cBK _2ddc _h894.812 _iMAT/G _k894.812 _mMAT/G |
||